00598nam a2200181 a 45000010010000000030011000100080041000210350026000620820020000881000020001082450057001282600056001856500014002419420012002559520097002679980037003649990015004010000-8716ELIB.Books110520 1980  a(ELIB.Books)0000-8862 aR bKit/ R Fri. aKittel, Gerhard aTheological Dictionary of the New Testament (vol-VI) bGrand Rapids: Wm. B. Eerdmans Publishing Co. c1980 aReference 2ddccBK 00102ddc4070aKBTSbKBTSd2011-05-20l0p8484, 17574r2022-01-22 00:00:00w2022-01-22yBK cbate2011-05-20mcatu2020-05-21 c8716d8716